000 01003nac a22002897a 4500
001 BR8003768
003 BR-BrBNA
005 20240105114725.0
008 230509b bl.|||m| |||| 00| 0 por d
040 _aBR-BrBNA
_bpor
_cBiblioteca Nacional de Agricultura
072 _aP00; P10
090 _aP00 BR8003768
100 1 _aAb'Saber, A.N.
110 1 _aUniversidade Estadual Paulista Julio de Mesquita Filho, Sao Jose do Rio Preto, SP (Brasil). Inst. de Biociencias, Letras e Ciencias Exatas
_910703
245 1 _aPrevisao de impactos ambientais nos projetos de usinas hidroeletricas na Amazonia brasileira
260 3 _aSao Jose do Rio Preto, SP (Brasil):
_c1980.
300 _a18 p.
490 _aInter-Facies. Escritos e Documentos (Brazil)
_vno. 40
_x
650 _aUSINA
650 _aACUDE
650 _aBACIA HIDROGRAFICA
650 _aMEIO AMBIENTE
650 _aECOSSISTEMA
650 _aCONSERVACAO
909 _a202312
_bLúcia Elande
_c55
_dLúcia Elande
942 _2AGRIS
_n0
_cMS
999 _c270955
_d270955